| 000 | 01206cam a2200433 4500 | ||
|---|---|---|---|
| 008 | 090401t1990 xxu||||| |||| 00| 0 eng d | ||
| 020 | _a0951618601 | ||
| 035 | _a(Sirsi) u9886 | ||
| 041 | _aeng | ||
| 050 | _a711.14 | ||
| 110 |
_aUnited Kingdom National Committee on Comparative Law _92188 |
||
| 245 | _aCompensation for expropriation: a comparative study being the proceedings of the 1990 conference of the ... committee ... at the University of Oxford , August 2nd to 4th 1990 | ||
| 260 |
_aOxford _bJason Reese _c1990 |
||
| 300 | _a2v. ; 21cm. | ||
| 350 | _a75 | ||
| 520 | _aAccompanied by 19p. Programme. | ||
| 650 | _aAFRICA | ||
| 650 | _aAUSTRALIA | ||
| 650 | _aCANADA | ||
| 650 |
_aCompulsory purchase _96228 |
||
| 650 | _aEUROPE | ||
| 650 | _aFRANCE | ||
| 650 | _aHONG KONG | ||
| 650 | _aINDIA | ||
| 650 | _aITALY | ||
| 650 | _aJAPAN | ||
| 650 | _aKENYA | ||
| 650 | _aMALAYSIA | ||
| 650 | _aMEXICO | ||
| 650 | _aROMANIA | ||
| 650 | _aSINGAPORE | ||
| 650 | _aSOUTH AFRICA | ||
| 650 | _aSWEDEN | ||
| 650 | _aUNITED STATES OF AMERICA | ||
| 650 | _aFEDERAL REPUBLIC OF GERMANY | ||
| 700 |
_aErasmus, Gavin M. _xEditor |
||
| 942 | _n0 | ||
| 948 | _c04/03/1997 | ||
| 999 |
_c86677 _d86677 |
||